000 00721nam a2200289Ia 4500
005 20260324112027.0
008 008 260324s9999 xx 000 0 eng d
020 _a9781003380276
037 _aEBOOK
040 _aCRL
040 _beng
040 _cCRL
041 _2eng
041 _aeng
084 _qCRL
100 _aOlesya Kisselev; Oksana Laleko; Irina Dubinina
_91140999
245 0 _aRussian as a Heritage Language
245 0 _bFrom Research to Classroom Applications
260 _bTaylor and Francis
260 _c2024
365 _a
365 _b230
856 _uhttp://www.taylorfrancis.com/books/9781003380276
942 _cEBOOK
999 _c1730034
_d1730034